Представление документа в формате RUSMARC

ПолеНазваниеЗначение
  Тип записи a
  Библиографический уровень m
001 Контрольный номер RU\bookru\bibl\916488
003 Постоянный идентификатор записи http://www.book.ru/book/916488
005 Дата корректировки 20161026112404.3
010 Индекс ISBN __
a ISBN 978-5-406-04505-3
100 Данные общей обработки 0_
a Данные общей обработки 20150314d2016 mk y0rusy50 ca
101 Язык документа 0_
a Язык текста Русский
102 Страна публикации __
a Страна публикации RU
105 Кодированные данные (монография) __
a Кодированные данные (монография) y ||||000yy
200 Заглавие и сведения об ответственности 1_
a Заглавие Право интеллектуальной собственности ( для бакалавров и специалистов)
210 Выходные данные __
a Место издания Москва
c Издательство КноРус
d Дата издания 2016
215 Физическое описание __
a Объем 253
330 Аннотация __
a Аннотация Представляет собой универсальный сборник материалов для лекционных, семинарских и практических занятий студентов юридических и экономических факультетов вузов, изучающих дисциплины «Право интеллектуальной собственности» и «Правовое обеспечение инновационной деятельности». Рассмотрены способы распоряжения объектами интеллектуальной собственности. Каждая глава включает в себя практикум, который состоит из ситуационных задач, широко встречающихся на практике, и тестовых заданий для контроля уровня усвоения материала. В приложениях содержатся примерные варианты договоров на передачу исключительных прав на результаты интеллектуальной деятельности, а также образцы заявок, подаваемых в Роспатент на выдачу охранных документов (программа ЭВМ, база данных, изобретение, полезная модель, товарный знак). Соответствует ФГОС ВО нового поколения. Для студентов бакалавриата и магистратуры, аспирантов и преподавателей юридических и экономических вузов и факультетов, служащих органов государственной власти и муниципальных органов, а также для читателей, интересующихся вопросами теории и практики права интеллектуальной собственности.
606 Тематические рубрики __
a Основная рубрика Авторское, информационное и патентное право
2 Код системы local
608 Указатель предметных рубрик __
a Жанр/форма Учебное пособие
2 Код системы local
675 Индекс УДК __
a Индекс УДК 347.7(075.8)
z Язык издания rus
686 Индексы других классификаций __
a Классификационный индекс 67.404.3я73
2 Код системы rubbk
700 Автор _1
a Фамилия Малышева М.Ф., Стрельникова И.А.
801 Источник записи _1
a Страна RU
b Организация book_ru
c Дата составления 20150314
g Правила каталогизации RCR
856 Электронный адрес документа 4_
u Универсальный указатель ресурса (URL) http://www.book.ru/book/916488
951 __
a http://www.book.ru/book/916488